El epítome chileno de Santiago de Tesillo. Reimpresión facsimilar a plana y renglón de la edición príncipe, con un breve prólogo, hecha por J. T. Medina

Saved in:
Bibliographic Details
Main Author: Tesillo, Santiago de (autor)
Other Authors: Medina, José Toribio (prólogo)
Format: Book
Language:Spanish
Published: Santiago Imprenta Elzeviriana 1911
Edition:1a. ed
Subjects:
Tags: Add Tag
No Tags, Be the first to tag this record!

MARC

LEADER 00000nam a2200000 a 4500
001 UCJ3780
003 CL-VaPUC
005 20250327093504.0
008 070124e19110000CL |||||||||||||||||spa|d
999 |c 319902  |d 319900 
040 |c Pontificia Universidad Católica de Valparaíso 
082 0 4 |a 983  |b MED  |2 21 
100 1 |a Tesillo, Santiago de  |e autor  |9 506135 
245 1 3 |a El epítome chileno de Santiago de Tesillo. Reimpresión facsimilar a plana y renglón de la edición príncipe, con un breve prólogo, hecha por J. T. Medina 
250 |a 1a. ed 
260 |a Santiago  |b Imprenta Elzeviriana  |c 1911 
300 |a xiv, 42 p 
500 |a 8§.- Anteport.: Epítome chileno.- v. en bl. Port. a dos tintas.- v. en bl. Dedicado a V. M. Chiappa. Considerado como el primer compendio de Historia de Chile. Chiappa-Feliú Cruz, N§ 209 
583 |a last modification  |c 20070124 00:00:00  |k Rodrigo Vera 
600 0 7 |a TESILLO, SANTIAGO DE  |2 CL-VaPUC  |9 506135 
650 7 |a CRONISTAS ESPAÑOLES  |2 CL-VaPUC  |9 504754 
650 0 |a Guerra de Arauco  |9 267618 
650 0 |a Historia  |9 255047 
650 0 |a Historiografía chilena  |9 441414 
700 |a Medina, José Toribio  |e prólogo  |9 864483 
942 |c BK  |2 ddc 
945 |d 20070124 00:00:00  |a rinostro 
952 |0 0  |1 0  |4 0  |6 983_000000000000000_MED_1911  |7 0  |8 X  |9 398305  |a FDOBUD  |b FDOBUD  |d 2019-11-22  |i 1008161  |o 983 MED 1911  |p 1008161  |r 2019-11-22  |w 2019-11-22  |y BK_X  |k BUD